Diversity in information technology education: issues and controversies (Record no. 5300)
[ view plain ]
| 000 -LEADER | |
|---|---|
| fixed length control field | 00988 a2200217 4500 |
| 020 ## - INTERNATIONAL STANDARD BOOK NUMBER | |
| International Standard Book Number | 1591407419 (hc.) |
| 020 ## - INTERNATIONAL STANDARD BOOK NUMBER | |
| International Standard Book Number | 1591407427 (pbk.) |
| 020 ## - INTERNATIONAL STANDARD BOOK NUMBER | |
| International Standard Book Number | 1591407435 (ebook) |
| 035 ## - SYSTEM CONTROL NUMBER | |
| System control number | (OCoLC)ocm61748241 |
| 040 ## - CATALOGING SOURCE | |
| Original cataloging agency | DLC |
| Language of cataloging | DLC |
| 082 00 - DEWEY DECIMAL CLASSIFICATION NUMBER | |
| Classification number | 303.48/34 |
| 245 00 - TITLE STATEMENT | |
| Title | Diversity in information technology education: issues and controversies |
| Remainder of title | issues and controversies |
| Statement of responsibility, etc. | Goran P. Trajkovski, editor |
| 260 ## - PUBLICATION, DISTRIBUTION, ETC. | |
| Place of publication, distribution, etc. | Hershey PA : |
| Name of publisher, distributor, etc. | Information Science Pub., |
| Date of publication, distribution, etc. | c2006. |
| 300 ## - PHYSICAL DESCRIPTION | |
| Extent | xxiv, 319 p. : |
| Other physical details | ill. ; |
| Dimensions | 27 cm. |
| 520 ## - SUMMARY, ETC. | |
| Summary, etc. | "This book investigates the status of diversity in the field of IT education with research on racial, gender, national origin, disability and other diversity categories"--Provided by publisher. |
| 650 #0 - SUBJECT ADDED ENTRY--TOPICAL TERM | |
| Topical term or geographic name entry element | Information technology |
| General subdivision | Study and teaching. |
| 650 #0 - SUBJECT ADDED ENTRY--TOPICAL TERM | |
| Topical term or geographic name entry element | Multicultural education |
| Geographic subdivision | United States. |
| 700 1# - ADDED ENTRY--PERSONAL NAME | |
| Personal name | Trajkovski, Goran, |
| Dates associated with a name | 1972- |
| 856 41 - ELECTRONIC LOCATION AND ACCESS | |
| Materials specified | Table of contents |
| Uniform Resource Identifier | <a href="http://www.loc.gov/catdir/toc/ecip0519/2005027412.html">http://www.loc.gov/catdir/toc/ecip0519/2005027412.html</a> |
| 942 ## - ADDED ENTRY ELEMENTS (KOHA) | |
| Koha item type | Book |
| Call number prefix | 004 TRA |
| Source of classification or shelving scheme | |
| Withdrawn status | Lost status | Damaged status | Not for loan | Collection code | Permanent Location | Current Location | Shelving location | Date acquired | Source of acquisition | Cost, normal purchase price | Total Checkouts | Full call number | Barcode | Date last seen | Price effective from | Koha item type |
|---|---|---|---|---|---|---|---|---|---|---|---|---|---|---|---|---|
| Central Library (CL) | Central Library (CL) | First Floor - Computer Science | 05/10/2007 | Allied Book Company | 5533.04 | 004 TRA | SEECS008477 | 11/14/2012 | 01/05/2017 | Book |
